[Event "Poznan op 28th"]
[Site "Poznan"]
[Date "2021.08.22"]
[Round "9"]
[White "Nicikowski, Jozef"]
[Black "Zakrzewski, Bartosz"]
[Result "1/2-1/2"]
[WhiteElo "1372"]
[BlackElo "1578"]
[PlyCount "105"]
[EventDate "2021.08.15"]
[EventType "swiss"]
[EventRounds "9"]
[EventCountry "POL"]
[SourceTitle "CBM 203 Extra"]
[Source "ChessBase"]
[SourceDate "2021.09.30"]
[SourceVersion "1"]
[SourceVersionDate "2021.09.30"]
[SourceQuality "1"]

1. e4 c5 2. Nf3 e6 3. d4 cxd4 4. Nxd4 Nc6 5. Nc3 Qc7 6. Ndb5 Qb8 7. Be3 a6 8. Na3 Nf6 9. Bb6 Bb4 10. Bd3 d5 11. 0-0 d4 12. Ne2 e5 13. Nc4 Be6 14. Ng3 Bxc4 15. Bxc4 Nd7 16. Qf3 0-0 17. a3 Nxb6 18. Ba2 Be7 19. Nf5 Nd7 20. Qg4 Bf6 21. Nh6+ Kh8 22. Qxd7 gxh6 23. Qf5 Qd6 24. f4 Ne7 25. Qh5 Bg7 26. f5 Qf6 27. h4 Qc6 28. Rae1 f6 29. g4 Qe8 30. Qxe8 Rfxe8 31. g5 hxg5 32. hxg5 Rf8 33. g6 h6 34. Kg2 Rac8 35. Re2 Rc5 36. Kf3 Rfc8 37. Rff2 b5 38. Be6 R8c7 39. Rh2 Nc6 40. Rh3 Ne7 41. Reh2 Ng8 42. Bb3 a5 43. a4 b4 44. Kg4 Bf8 45. Kf3 Bg7 46. Kg4 R5c6 47. Kf3 Rd6 48. Ke2 Rdc6 49. Kd3 Rc5 50. Kd2 R5c6 51. Kd3 Rc5 52. Kd2 R5c6 53. Kd3 1/2-1/2

[Event "Poznan op 28th"]
[Site "Poznan"]
[Date "2021.08.20"]
[Round "7"]
[White "Nawrocki, Michal"]
[Black "Zakrzewski, Bartosz"]
[Result "1/2-1/2"]
[WhiteElo "1165"]
[BlackElo "1578"]
[PlyCount "149"]
[EventDate "2021.08.15"]
[EventType "swiss"]
[EventRounds "9"]
[EventCountry "POL"]
[SourceTitle "CBM 203 Extra"]
[Source "ChessBase"]
[SourceDate "2021.09.30"]
[SourceVersion "1"]
[SourceVersionDate "2021.09.30"]
[SourceQuality "1"]

1. e4 c5 2. Nf3 e6 3. d4 cxd4 4. Nxd4 Nc6 5. Nc3 Qc7 6. Ndb5 Qb8 7. a3 a6 8. Nd4 Nf6 9. Be2 Be7 10. 0-0 0-0 11. Be3 b5 12. Kh1 Bb7 13. f3 Rd8 14. Qe1 d5 15. Nxc6 Bxc6 16. exd5 Nxd5 17. Nxd5 Bxd5 18. Qf2 Bf6 19. Rab1 a5 20. b3 b4 21. a4 Bc3 22. Bd3 Qe5 23. Bb6 Rdc8 24. Be3 Bb7 25. Bd2 Bd4 26. Qe1 Ba6 27. Qxe5 Bxe5 28. f4 Bd4 29. Rf3 Bb7 30. Rh3 h6 31. f5 e5 32. f6 e4 33. Bc4 Bxf6 34. Be3 Bc6 35. Rf1 Bd7 36. Rg3 Rxc4 37. bxc4 Bh4 38. Rh3 Bxh3 39. gxh3 Rc8 40. c5 Bg5 41. Bd4 g6 42. h4 Bd2 43. Rf2 e3 44. Re2 f5 45. Kg2 Kf7 46. Kf3 g5 47. hxg5 hxg5 48. h4 gxh4 49. Kf4 Ke6 50. Bxe3 Bxe3+ 51. Rxe3+ Kd5 52. Re5+ Kc4 53. c6 Rg8 54. Rxa5 h3 55. Ra7 Rh8 56. c7 h2 57. c8Q+ Rxc8 58. Rh7 Ra8 59. Rc7+ Kd4 60. Rh7 h1Q 61. Rxh1 Rxa4 62. Rh8 Ra5 63. Rd8+ Kc4 64. Rd3 Ra2 65. Rd8 Rxc2 66. Kxf5 b3 67. Ke4 Kc3 68. Ke3 Kb2 69. Rb8 Ka2 70. Kd3 Rc6 71. Kd2 Kb2 72. Kd3 Rc7 73. Kd2 Rd7+ 74. Ke3 Kc1 75. Rxb3 1/2-1/2

[Event "Poznan op 28th"]
[Site "Poznan"]
[Date "2021.08.17"]
[Round "4"]
[White "Zakrzewski, Bartosz"]
[Black "Anand, MP."]
[Result "0-1"]
[WhiteElo "1578"]
[BlackElo "1392"]
[PlyCount "86"]
[EventDate "2021.08.15"]
[EventType "swiss"]
[EventRounds "9"]
[EventCountry "POL"]
[SourceTitle "CBM 203 Extra"]
[Source "ChessBase"]
[SourceDate "2021.09.30"]
[SourceVersion "1"]
[SourceVersionDate "2021.09.30"]
[SourceQuality "1"]

1. e4 e6 2. d4 d5 3. Nd2 c5 4. exd5 Qxd5 5. Ndf3 Nf6 6. c3 Nc6 7. Be2 cxd4 8. cxd4 Bb4+ 9. Bd2 Bxd2+ 10. Qxd2 0-0 11. Nh3 Rd8 12. Nf4 Qe4 13. 0-0-0 e5 14. Nd3 Nxd4 15. Nxd4 exd4 16. Bf3 Qe7 17. Qf4 Be6 18. Kb1 Rac8 19. Rc1 Nd5 20. Qe4 Qf6 21. g4 Rxc1+ 22. Rxc1 b6 23. h4 h5 24. g5 Qf5 25. Ne5 Qxe4+ 26. Bxe4 Nf4 27. Nc6 Rd6 28. Nxa7 d3 29. Nb5 Rd8 30. Nc3 d2 31. Rd1 Nh3 32. Rf1 Bc4 33. Rd1 Nxf2 34. Kc2 Nxe4 35. Nxe4 Bd3+ 36. Kc3 Bxe4 37. a4 Bf3 38. Rxd2 Rxd2 39. Kxd2 Bc6 40. b3 f6 41. gxf6 gxf6 42. Ke3 Kf7 43. Kf4 Ke6 0-1

[Event "Poznan op 27th"]
[Site "Poznan"]
[Date "2019.08.24"]
[Round "8"]
[White "Zakrzewski, Bartosz"]
[Black "Glatty, Zbigniew"]
[Result "1/2-1/2"]
[WhiteElo "1558"]
[BlackElo "1886"]
[PlyCount "123"]
[EventDate "2019.08.18"]
[EventType "swiss"]
[EventRounds "9"]
[EventCountry "POL"]
[SourceTitle "EXT 2020"]
[Source "ChessBase"]
[SourceDate "2019.10.17"]
[SourceVersion "1"]
[SourceVersionDate "2019.10.17"]
[SourceQuality "1"]

1. e4 e5 2. Nf3 Nc6 3. d4 exd4 4. Nxd4 Bc5 5. Nb3 Bb6 6. Nc3 Qf6 7. Qe2 Nge7 8. Be3 d6 9. 0-0-0 0-0 10. Kb1 Be6 11. g4 Ne5 12. g5 Qf3 13. Qxf3 Nxf3 14. Bxb6 axb6 15. Nb5 Rac8 16. Bg2 Nh4 17. Rhg1 Bg4 18. Rd3 Be2 19. Bh3 Bxd3 20. cxd3 Rcd8 21. Nxc7 Nhg6 22. d4 Nf4 23. Bg4 f6 24. h4 f5 25. exf5 Nxf5 26. h5 Rf7 27. Nb5 d5 28. Nd2 Nd6 29. Nc3 Re7 30. Nf3 Ne4 31. Ne5 Nxg5 32. Kc2 Nf7 33. Nd3 Nxd3 34. Kxd3 Ng5 35. Bd1 Nh3 36. Rf1 Nf4+ 37. Kd2 Kf7 38. Bf3 Kf6 39. Nd1 g6 40. hxg6 hxg6 41. Ne3 Rh7 42. Ng4+ Kg7 43. Re1 Rd7 44. Re5 Rh5 45. Re1 Rh3 46. Ne5 Re7 47. Bg4 Rh4 48. Bf3 Rh2 49. Ke3 Ng2+ 50. Bxg2 Rxg2 51. Rc1 Rh2 52. Rc8 Rh1 53. Rd8 Rb1 54. Rxd5 Rxb2 55. Rd6 Kh7 56. f4 b5 57. Rb6 Rxa2 58. Rxb5 Ra6 59. Kd3 Rd6 60. Rb2 Rc7 61. Rh2+ Kg7 62. Rg2 1/2-1/2

[Event "Poznan op 27th"]
[Site "Poznan"]
[Date "2019.08.23"]
[Round "7"]
[White "Nicikowski, Jozef"]
[Black "Zakrzewski, Bartosz"]
[Result "0-1"]
[WhiteElo "1435"]
[BlackElo "1558"]
[PlyCount "94"]
[EventDate "2019.08.18"]
[EventType "swiss"]
[EventRounds "9"]
[EventCountry "POL"]
[SourceTitle "EXT 2020"]
[Source "ChessBase"]
[SourceDate "2019.10.17"]
[SourceVersion "1"]
[SourceVersionDate "2019.10.17"]
[SourceQuality "1"]

1. e4 c5 2. d3 Nc6 3. g3 e6 4. Bg2 g6 5. Nf3 Bg7 6. 0-0 Nge7 7. Re1 Qc7 8. Nbd2 a6 9. a4 0-0 10. Nc4 d5 11. exd5 Nxd5 12. Ng5 b6 13. Bxd5 exd5 14. Bf4 Qd8 15. Nd6 Bxb2 16. Ngxf7 Qd7 17. Nh6+ Kg7 18. Rb1 Bc3 19. Re3 Rxf4 20. Ne8+ Kxh6 21. gxf4 Qg4+ 22. Qxg4 Bxg4 23. Rxb6 Nd4 24. h3 Bd7 25. Nd6 Nf5 26. Nxf5+ Bxf5 27. Kh2 Bd7 28. Re7 Bxa4 29. f5 Kg5 30. Rxh7 Kxf5 31. Rf7+ Ke5 32. Rxg6 Bxc2 33. Re7+ Kd4 34. Rg4+ Kxd3 35. Re3+ Kd2 36. Re6 a5 37. Rg2 a4 38. f4+ Kd3 39. Re7 Bd1 40. Rg5 a3 41. Rg3+ Kc4 42. f5 a2 43. f6 a1Q 44. f7 Ra2+ 45. Rg2 Rxg2+ 46. Kxg2 Qb2+ 47. Kg3 Be1+ 0-1

[Event "Poznan op 27th"]
[Site "Poznan"]
[Date "2019.08.20"]
[Round "4"]
[White "Zakrzewski, Bartosz"]
[Black "Wojdak, Jan"]
[Result "0-1"]
[WhiteElo "1558"]
[BlackElo "1913"]
[PlyCount "86"]
[EventDate "2019.08.18"]
[EventType "swiss"]
[EventRounds "9"]
[EventCountry "POL"]
[SourceTitle "EXT 2020"]
[Source "ChessBase"]
[SourceDate "2019.10.17"]
[SourceVersion "1"]
[SourceVersionDate "2019.10.17"]
[SourceQuality "1"]

1. e4 c5 2. Nf3 Nc6 3. c3 d5 4. exd5 Qxd5 5. d4 Bg4 6. Be2 e6 7. Be3 cxd4 8. cxd4 Nf6 9. Nc3 Qd6 10. a3 Be7 11. 0-0 0-0 12. Qb3 b6 13. Rfd1 Rfd8 14. Rac1 Na5 15. Qa4 Rac8 16. h3 Bh5 17. g4 Bg6 18. Ba6 Qc6 19. Bxc8 Qxf3 20. Ba6 Qxh3 21. Bf1 Qxg4+ 22. Bg2 Nd5 23. Nxd5 exd5 24. f3 Qg3 25. Bf2 Qd6 26. Re1 Kf8 27. b4 Nc4 28. Qxa7 Bg5 29. Ra1 h5 30. Qb7 h4 31. f4 Qxf4 32. Bxd5 Qg4+ 33. Kh1 Nd6 34. Qxb6 Ne4 35. Bxe4 Bxe4+ 36. Rxe4 Qxe4+ 37. Kg1 Qg4+ 38. Kf1 h3 39. Qc5+ Kg8 40. Qc7 Qg2+ 41. Ke2 Re8+ 42. Kd3 Qxf2 43. Rd1 Qe2+ 0-1

[Event "Poznan op 26th"]
[Site "Poznan"]
[Date "2018.08.23"]
[Round "6"]
[White "Polarczyk, Pawel"]
[Black "Zakrzewski, Bartosz"]
[Result "0-1"]
[WhiteElo "1811"]
[BlackElo "1533"]
[PlyCount "76"]
[EventDate "2018.08.19"]
[EventType "swiss"]
[EventRounds "9"]
[EventCountry "POR"]
[SourceTitle "CBM 186 Extra"]
[Source "ChessBase"]
[SourceDate "2018.08.24"]
[SourceVersion "1"]
[SourceVersionDate "2018.08.24"]
[SourceQuality "1"]

1. d4 Nf6 2. c4 e6 3. Nc3 c5 4. Nf3 d5 5. cxd5 exd5 6. e3 Be7 7. Bb5+ Nc6 8. Ne5 Bd7 9. Qa4 Qc7 10. Nxd7 Qxd7 11. 0-0 0-0 12. dxc5 Bxc5 13. Rd1 Qe6 14. Bxc6 bxc6 15. b3 Rfd8 16. Bb2 Ng4 17. Rf1 d4 18. exd4 Rxd4 19. Qa5 Qe5 20. g3 Rd2 21. b4 Bxf2+ 22. Rxf2 Qxa5 23. bxa5 Nxf2 24. Bc1 Nh3+ 25. Kh1 Rc2 26. Nd1 Re8 27. Be3 Re2 28. a4 R2xe3 29. Nxe3 Rxe3 30. Rb1 g5 31. Kg2 g4 32. Rb7 Ra3 33. Rb4 f5 34. Rc4 Kf7 35. Rxc6 Rxa4 36. Rc7+ Kg6 37. Rxa7 Ra2+ 38. Kh1 Ra1+ 0-1

[Event "Poznan op 26th"]
[Site "Poznan"]
[Date "2018.08.21"]
[Round "4"]
[White "Dopierala, Adam"]
[Black "Zakrzewski, Bartosz"]
[Result "0-1"]
[WhiteElo "1305"]
[BlackElo "1533"]
[PlyCount "84"]
[EventDate "2018.08.19"]
[EventType "swiss"]
[EventRounds "9"]
[EventCountry "POR"]
[SourceTitle "CBM 186 Extra"]
[Source "ChessBase"]
[SourceDate "2018.08.24"]
[SourceVersion "1"]
[SourceVersionDate "2018.08.24"]
[SourceQuality "1"]

1. e4 c5 2. Nf3 Nc6 3. d4 cxd4 4. Nxd4 e6 5. Nc3 Qc7 6. Be2 a6 7. 0-0 Nf6 8. a3 Be7 9. Be3 0-0 10. Qd2 d5 11. exd5 exd5 12. Bf3 Be6 13. Rfe1 Bd6 14. h3 Ne5 15. Be2 Rfe8 16. Nf3 Rac8 17. Rac1 Bxa3 18. Nxd5 Nxd5 19. bxa3 Nxe3 20. Qxe3 Nc4 21. Bxc4 Qxc4 22. Qb6 Qc6 23. Qb4 Bxh3 24. Qf4 Qg6 25. Nh4 Qg4 26. Qxg4 Rxe1+ 27. Rxe1 Bxg4 28. Re7 g5 29. Nf3 Bxf3 30. gxf3 Rxc2 31. Rxb7 Rc3 32. f4 gxf4 33. Rb4 Rxa3 34. Rxf4 Kg7 35. Kg2 Kg6 36. Rc4 h5 37. f3 Kg5 38. Kg3 a5 39. Rc5+ f5 40. Rc4 h4+ 41. Rxh4 Rxf3+ 42. Kxf3 Kxh4 0-1

[Event "Poznan op 26th"]
[Site "Poznan"]
[Date "2018.08.20"]
[Round "3"]
[White "Zakrzewski, Bartosz"]
[Black "Lakowski, Filip"]
[Result "1/2-1/2"]
[WhiteElo "1533"]
[BlackElo "1210"]
[PlyCount "120"]
[EventDate "2018.08.19"]
[EventType "swiss"]
[EventRounds "9"]
[EventCountry "POR"]
[SourceTitle "CBM 186 Extra"]
[Source "ChessBase"]
[SourceDate "2018.08.24"]
[SourceVersion "1"]
[SourceVersionDate "2018.08.24"]
[SourceQuality "1"]

1. e4 g6 2. d4 Bg7 3. Nc3 d6 4. Be3 a6 5. f4 b5 6. a3 Bb7 7. Nf3 Nd7 8. Qd2 c5 9. d5 Nb6 10. Rb1 Nf6 11. h3 0-0 12. Be2 Qd7 13. 0-0 Rad8 14. Rfd1 e6 15. dxe6 Qxe6 16. e5 Nfd5 17. Ng5 Qe7 18. Nce4 Nxe3 19. exd6 Qe8 20. Qxe3 Bxe4 21. Qxe4 Bd4+ 22. Kh1 Rxd6 23. c3 Qxe4 24. Nxe4 Re6 25. Bf3 Be3 26. Re1 Bxf4 27. Nxc5 Rxe1+ 28. Rxe1 Nc4 29. b3 Nxa3 30. Be4 Re8 31. Kg1 a5 32. Kf2 Bd2 33. Ra1 Bxc3 34. Rxa3 Bb4 35. Ra1 Bxc5+ 36. Kf3 Bb6 37. Rc1 b4 38. Rc6 Bd8 39. Rc8 Kg7 40. Bc6 Re6 41. Bd5 Rd6 42. Ke4 Kf6 43. Kd4 Bb6+ 44. Ke4 g5 45. Rf8 Kg6 46. Ke5 Rd8 47. Bxf7+ Kg7 48. Rxd8 Bxd8 49. Bd5 Kg6 50. Be4+ Kg7 51. Kf5 h5 52. Bd5 Kf8 53. Ke6 Kg7 54. g4 Kh6 55. Kf5 hxg4 56. hxg4 Kg7 57. Ke6 Kf8 58. Kd7 Bf6 59. Kc6 Ke8 60. Kb5 Bd8 1/2-1/2

[Event "Poznan op 21st"]
[Site "Poznan"]
[Date "2013.08.10"]
[Round "4"]
[White "Przybylak, Lukasz"]
[Black "Zakrzewski, Bartosz"]
[Result "1-0"]
[WhiteElo "1890"]
[BlackElo "1544"]
[PlyCount "76"]
[EventDate "2013.08.07"]
[EventType "swiss"]
[EventRounds "9"]
[EventCountry "POL"]
[SourceTitle "CBM 155 Extra"]
[Source "ChessBase"]
[SourceDate "2013.08.26"]
[SourceVersion "1"]
[SourceVersionDate "2013.08.26"]
[SourceQuality "1"]

1. e4 c5 2. Nc3 Nc6 3. Nge2 g6 4. d3 Bg7 5. g3 Rb8 6. Be3 b5 7. Bxc5 b4 8. Na4 Qa5 9. b3 Bxa1 10. Qxa1 f6 11. Bg2 e5 12. Bd6 Ra8 13. Qc1 Ba6 14. f4 Nh6 15. 0-0 Nf7 16. Bc5 d6 17. Be3 Rc8 18. Bh3 Rc7 19. Be6 Nd4 20. Bxd4 exd4 21. Qb2 Ke7 22. Nxd4 Bc8 23. Bc4 Bd7 24. Rf2 Rhc8 25. Kg2 h5 26. h3 Nd8 27. Re2 Nc6 28. Nf3 Be6 29. Nh4 Bxc4 30. dxc4 Kf7 31. Rd2 Rd7 32. Rd5 Qa6 33. Nc5 dxc5 34. Rxd7+ Ke6 35. Rd5 g5 36. fxg5 fxg5 37. Qg7 gxh4 38. Qd7+ Kf6 1-0

[Event "Poznan op 21th"]
[Site "Poznan"]
[Date "2011.08.11"]
[Round "6"]
[White "Zakrzewski, Bartosz"]
[Black "Gajdamowicz, Patrick"]
[Result "0-1"]
[WhiteElo "1475"]
[BlackElo "1903"]
[PlyCount "80"]
[EventDate "2011.08.06"]
[EventType "swiss"]
[EventRounds "9"]
[EventCountry "POL"]
[SourceTitle "CBM 143 Extra"]
[Source "ChessBase"]
[SourceDate "2011.08.29"]
[SourceVersion "1"]
[SourceVersionDate "2011.08.29"]
[SourceQuality "1"]

1. e4 c5 2. Nf3 d6 3. d4 cxd4 4. Nxd4 Nf6 5. Nc3 g6 6. Be3 Bg7 7. Be2 0-0 8. 0-0 Nc6 9. Nb3 Bd7 10. f4 Rc8 11. Bf3 b6 12. h3 a6 13. Qd2 b5 14. Rfd1 Qc7 15. Rac1 Rfe8 16. Nd5 Nxd5 17. exd5 Nd8 18. Bd4 Bxd4+ 19. Nxd4 Nb7 20. f5 Kg7 21. Qg5 Qc5 22. Kh1 Nd8 23. c3 f6 24. Qg3 Nf7 25. h4 Ne5 26. fxg6 hxg6 27. Re1 Rh8 28. Be4 g5 29. Kg1 Rxh4 30. Kf1 Rch8 31. Ke2 Rxe4+ 32. Kd2 Rxd4+ 33. cxd4 Qxd4+ 34. Kc2 Bf5+ 35. Kb3 Qa4+ 36. Kc3 Qa5+ 37. Kd4 Rh4+ 38. Ke3 Re4+ 39. Kf2 Rxe1 40. Rxe1 Nd3+ 0-1